[Event "DEM U14 2023"]
[Site "Willingen GER"]
[Date "2023.05.28"]
[Round "1"]
[White "Ermitsch, Magnus"]
[Black "Fruth, David"]
[Result "1-0"]
[Termination "normal"]
[Board "1"]
[WhiteTitle "FM"]
[WhiteElo "2275"]
[BlackElo "1851"]
[WhiteClock "01:22:42"]
[BlackClock "00:50:42"]
[PlyCount "43"]
[WhiteFideId "16234464"]
[BlackFideId "16257596"]
[EventCountry "GER"]
[EventRounds "9"]
[EventType "swiss"]
[EventDate "2023.05.27"]

1. e4 {[%clk 01:30:57] [%emt 00:00:02]} 1... c6 {[%clk 01:30:59] [%emt
00:00:02]} 2. d4 {[%clk 01:30:55] [%emt 00:00:32]} 2... d5 {[%clk 01:31:27]
[%emt 00:00:02]} 3. exd5 {[%clk 01:31:19] [%emt 00:00:05]} 3... cxd5 {[%clk
01:31:56] [%emt 00:00:02]} 4. Bd3 {[%clk 01:31:25] [%emt 00:00:24]} 4... Nf6
{[%clk 01:32:13] [%emt 00:00:14]} 5. Bf4 {[%clk 01:30:29] [%emt 00:01:24]} 5...
Nc6 {[%clk 01:31:46] [%emt 00:00:58]} 6. c3 {[%clk 01:30:52] [%emt 00:00:07]}
6... Bg4 {[%clk 01:30:27] [%emt 00:01:49]} 7. Qb3 {[%clk 01:31:12] [%emt
00:00:10]} 7... Qd7 {[%clk 01:30:47] [%emt 00:00:10]} 8. Nd2 {[%clk 01:30:44]
[%emt 00:00:57]} 8... e6 {[%clk 01:28:35] [%emt 00:02:43]} 9. Ngf3 {[%clk
01:30:48] [%emt 00:00:26]} 9... Be7 {[%clk 01:26:29] [%emt 00:02:35]} 10. Ne5
{[%clk 01:27:03] [%emt 00:04:15]} 10... Nxe5 {[%clk 01:24:39] [%emt 00:02:21]}
11. dxe5 {[%clk 01:26:11] [%emt 00:01:22]} 11... O-O {[%clk 01:19:33] [%emt
00:05:36]} 12. exf6 {[%clk 01:26:32] [%emt 00:00:10]} 12... Bxf6 {[%clk
01:19:49] [%emt 00:00:13]} 13. h3 {[%clk 01:21:38] [%emt 00:05:24]} 13... Bh5
{[%clk 01:19:20] [%emt 00:00:59]} 14. O-O {[%clk 01:21:57] [%emt 00:00:11]}
14... e5 {[%clk 01:16:38] [%emt 00:03:12]} 15. Bg3 {[%clk 01:22:12] [%emt
00:00:14]} 15... e4 {[%clk 01:14:34] [%emt 00:02:35]} 16. Bb5 {[%clk 01:21:34]
[%emt 00:01:09]} 16... Qf5 {[%clk 01:13:17] [%emt 00:01:46]} 17. Rfe1 {[%clk
01:21:56] [%emt 00:00:07]} 17... a6 {[%clk 01:10:16] [%emt 00:03:32]} 18. Be2
{[%clk 01:22:11] [%emt 00:00:14]} 18... Bxe2 {[%clk 00:53:15] [%emt 00:17:32]}
19. Rxe2 {[%clk 01:22:39] [%emt 00:00:02]} 19... b5 {[%clk 00:53:40] [%emt
00:00:05]} 20. Nf1 {[%clk 01:22:43] [%emt 00:00:26]} 20... Rfd8 {[%clk
00:50:27] [%emt 00:03:43]} 21. Ne3 {[%clk 01:22:42] [%emt 00:00:30]} 21... Qe6
{[%clk 00:50:42] [%emt 00:00:16]} 22. Rd1 {[%emt 00:02:22]} 1-0

[Event "DEM U14 2023"]
[Site "Willingen GER"]
[Date "2023.05.28"]
[Round "1"]
[White "Limmer, Marco"]
[Black "Besou, Hussain"]
[Result "1/2-1/2"]
[Termination "normal"]
[Board "2"]
[BlackTitle "FM"]
[WhiteElo "1774"]
[BlackElo "2304"]
[WhiteClock "00:25:29"]
[BlackClock "00:04:20"]
[PlyCount "119"]
[WhiteFideId "34603506"]
[BlackFideId "16269950"]
[EventCountry "GER"]
[EventRounds "9"]
[EventType "swiss"]
[EventDate "2023.05.27"]

1. Nf3 {[%clk 01:30:56] [%emt 00:00:03]} 1... d5 {[%clk 01:30:45] [%emt
00:00:15]} 2. g3 {[%emt 00:00:19]} 2... Nf6 {[%clk 01:30:33] [%emt 00:00:39]}
3. Bg2 {[%clk 01:31:05] [%emt 00:00:35]} 3... e6 {[%clk 01:30:11] [%emt
00:00:53]} 4. d3 {[%clk 01:28:27] [%emt 00:03:09]} 4... Be7 {[%clk 01:27:19]
[%emt 00:03:21]} 5. O-O {[%clk 01:26:53] [%emt 00:02:04]} 5... O-O {[%clk
01:25:11] [%emt 00:02:37]} 6. Nbd2 {[%clk 01:26:27] [%emt 00:00:57]} 6... c5
{[%clk 01:24:30] [%emt 00:01:11]} 7. e4 {[%clk 01:25:14] [%emt 00:01:43]} 7...
Nc6 {[%clk 01:24:14] [%emt 00:00:45]} 8. Re1 {[%clk 01:21:04] [%emt 00:04:41]}
8... b5 {[%clk 01:20:31] [%emt 00:04:12]} 9. Qe2 {[%clk 01:16:42] [%emt
00:04:53]} 9... Re8 {[%clk 01:13:55] [%emt 00:07:06]} 10. Nf1 {[%clk 01:14:15]
[%emt 00:02:57]} 10... Bb7 {[%clk 01:11:36] [%emt 00:02:49]} 11. h4 {[%clk
01:08:26] [%emt 00:06:19]} 11... d4 {[%clk 01:06:27] [%emt 00:05:38]} 12. N1h2
{[%clk 01:04:31] [%emt 00:04:25]} 12... e5 {[%clk 01:03:59] [%emt 00:02:58]}
13. g4 {[%clk 01:02:42] [%emt 00:02:20]} 13... Nd7 {[%clk 00:54:40] [%emt
00:09:48]} 14. g5 {[%clk 00:57:09] [%emt 00:06:04]} 14... c4 {[%clk 00:48:56]
[%emt 00:06:14]} 15. Ng4 {[%clk 00:47:02] [%emt 00:10:37]} 15... cxd3 {[%clk
00:47:22] [%emt 00:02:03]} 16. cxd3 {[%clk 00:45:43] [%emt 00:01:49]} 16... Rc8
{[%clk 00:41:41] [%emt 00:06:11]} 17. Bd2 {[%clk 00:43:28] [%emt 00:02:45]}
17... Qc7 {[%clk 00:39:21] [%emt 00:02:51]} 18. Rac1 {[%clk 00:36:36] [%emt
00:07:22]} 18... Qd6 {[%clk 00:38:42] [%emt 00:01:08]} 19. h5 {[%clk 00:33:33]
[%emt 00:03:33]} 19... Bf8 {[%clk 00:32:57] [%emt 00:06:15]} 20. Rf1 {[%clk
00:26:50] [%emt 00:07:13]} 20... g6 {[%clk 00:31:54] [%emt 00:01:33]} 21. Nh4
{[%clk 00:25:15] [%emt 00:02:05]} 21... Bg7 {[%clk 00:30:59] [%emt 00:01:24]}
22. f4 {[%clk 00:23:26] [%emt 00:02:20]} 22... exf4 {[%clk 00:31:22] [%emt
00:00:07]} 23. Rxf4 {[%clk 00:22:43] [%emt 00:01:13]} 23... Nce5 {[%clk
00:30:31] [%emt 00:01:21]} 24. Rcf1 {[%clk 00:21:22] [%emt 00:01:51]} 24...
Nxg4 {[%clk 00:30:31] [%emt 00:00:31]} 25. Qxg4 {[%clk 00:21:25] [%emt
00:00:26]} 25... Ne5 {[%clk 00:30:56] [%emt 00:00:05]} 26. Qd1 {[%clk 00:20:24]
[%emt 00:01:32]} 26... Qe6 {[%clk 00:26:57] [%emt 00:04:28]} 27. Qb1 {[%clk
00:17:03] [%emt 00:03:51]} 27... a5 {[%clk 00:20:43] [%emt 00:06:44]} 28. Kh2
{[%clk 00:14:03] [%emt 00:03:30]} 28... Qb6 {[%clk 00:19:34] [%emt 00:01:39]}
29. Bh3 {[%clk 00:12:27] [%emt 00:02:06]} 29... Rc7 {[%clk 00:19:40] [%emt
00:00:24]} 30. Kg1 {[%clk 00:09:33] [%emt 00:03:24]} 30... b4 {[%clk 00:18:41]
[%emt 00:01:30]} 31. Nf3 {[%clk 00:07:59] [%emt 00:02:04]} 31... Qb5 {[%clk
00:14:22] [%emt 00:04:49]} 32. Nxe5 {[%clk 00:06:58] [%emt 00:01:31]} 32...
Bxe5 {[%clk 00:14:26] [%emt 00:00:25]} 33. R4f3 {[%clk 00:07:03] [%emt
00:00:26]} 33... Bc8 {[%clk 00:12:02] [%emt 00:02:54]} 34. Bxc8 {[%clk
00:07:03] [%emt 00:00:30]} 34... Rexc8 {[%clk 00:12:27] [%emt 00:00:05]} 35.
hxg6 {[%clk 00:07:15] [%emt 00:00:18]} 35... hxg6 {[%clk 00:11:30] [%emt
00:01:26]} 36. Qe1 {[%clk 00:06:03] [%emt 00:01:41]} 36... Kg7 {[%clk 00:06:45]
[%emt 00:05:16]} 37. Rh3 {[%clk 00:04:33] [%emt 00:02:01]} 37... Rh8 {[%clk
00:07:08] [%emt 00:00:06]} 38. Rxh8 {[%clk 00:04:55] [%emt 00:00:09]} 38...
Kxh8 {[%clk 00:07:34] [%emt 00:00:04]} 39. Qh4+ {[%clk 00:05:00] [%emt
00:00:25]} 39... Kg8 {[%clk 00:07:42] [%emt 00:00:23]} 40. Bf4 {[%clk 00:04:17]
[%emt 00:01:13]} 40... a4 {[%clk 00:05:32] [%emt 00:02:40]} 41. Qg3 {[%clk
00:02:22] [%emt 00:02:24]} 41... Rc5 {[%clk 00:04:20] [%emt 00:01:42]} 42. Rf3
{[%clk 00:25:29] [%emt 00:07:23]} 42... Bg7 43. Qh4 Rc6 44. Qh3 a3 45. bxa3
bxa3 46. Rf1 Rc3 47. Rc1 Rxc1+ 48. Bxc1 Qb1 49. Qc8+ Bf8 50. Qc4 Bb4 51. Kg2
Bc3 52. Bxa3 Qc2+ 53. Kh3 Qd1 54. Kg2 Qe2+ 55. Kg1 Bd2 56. Qc8+ Kh7 57. Qh3+
Kg8 58. Qc8+ Kh7 59. Qh3+ Kg8 60. Qc8+ 1/2-1/2

[Event "DEM U14 2023"]
[Site "Willingen GER"]
[Date "2023.05.28"]
[Round "1"]
[White "Dyachuk, Artem"]
[Black "Wunderlich, Elias"]
[Result "0-1"]
[Termination "normal"]
[Board "3"]
[WhiteTitle "FM"]
[WhiteElo "2312"]
[BlackElo "1815"]
[WhiteClock "00:04:34"]
[BlackClock "00:00:37"]
[PlyCount "134"]
[WhiteFideId "34107924"]
[BlackFideId "34608087"]
[EventCountry "GER"]
[EventRounds "9"]
[EventType "swiss"]
[EventDate "2023.05.27"]

1. e4 {[%clk 01:30:58] [%emt 00:00:01]} 1... e6 {[%clk 01:30:56] [%emt
00:00:04]} 2. d4 {[%clk 01:31:23] [%emt 00:00:05]} 2... d5 {[%clk 01:31:24]
[%emt 00:00:02]} 3. Nd2 {[%clk 01:31:47] [%emt 00:00:06]} 3... c5 {[%clk
01:31:49] [%emt 00:00:05]} 4. exd5 {[%clk 01:32:13] [%emt 00:00:05]} 4... Qxd5
{[%clk 01:32:13] [%emt 00:00:05]} 5. Ngf3 {[%clk 01:32:33] [%emt 00:00:10]}
5... cxd4 {[%clk 01:32:37] [%emt 00:00:06]} 6. Bc4 {[%clk 01:32:59] [%emt
00:00:04]} 6... Qd6 {[%clk 01:32:59] [%emt 00:00:08]} 7. O-O {[%clk 01:31:55]
[%emt 00:01:34]} 7... Nf6 {[%clk 01:33:18] [%emt 00:00:11]} 8. Nb3 {[%clk
01:31:12] [%emt 00:01:13]} 8... Nc6 {[%clk 01:33:41] [%emt 00:00:08]} 9. Nbxd4
{[%clk 01:30:57] [%emt 00:00:44]} 9... Nxd4 {[%clk 01:34:01] [%emt 00:00:10]}
10. Nxd4 {[%clk 01:30:26] [%emt 00:01:01]} 10... Be7 {[%clk 01:34:21] [%emt
00:00:10]} 11. c3 {[%clk 01:30:00] [%emt 00:00:57]} 11... O-O {[%clk 01:34:42]
[%emt 00:00:08]} 12. Qf3 {[%clk 01:28:01] [%emt 00:02:28]} 12... Qc7 {[%clk
01:35:02] [%emt 00:00:10]} 13. Bb3 {[%clk 01:28:11] [%emt 00:00:20]} 13... a5
{[%clk 01:35:23] [%emt 00:00:10]} 14. Re1 {[%clk 01:26:44] [%emt 00:01:56]}
14... a4 {[%clk 01:35:14] [%emt 00:00:40]} 15. Bc2 {[%clk 01:25:53] [%emt
00:01:21]} 15... Ra5 {[%clk 01:29:31] [%emt 00:06:13]} 16. Bf4 {[%clk 01:15:22]
[%emt 00:11:01]} 16... Bd6 {[%clk 01:28:13] [%emt 00:01:48]} 17. Bxd6 {[%clk
00:53:10] [%emt 00:22:43]} 17... Qxd6 {[%clk 01:28:41] [%emt 00:00:01]} 18.
Rad1 {[%clk 00:53:39]} 18... Qc7 {[%clk 01:27:37] [%emt 00:01:33]} 19. Qg3
{[%clk 00:47:03] [%emt 00:07:06]} 19... Qxg3 {[%clk 01:25:50] [%emt 00:02:18]}
20. hxg3 {[%clk 00:47:30] [%emt 00:00:03]} 20... Bd7 {[%clk 01:26:05] [%emt
00:00:15]} 21. Nf3 {[%clk 00:46:12] [%emt 00:01:48]} 21... Rc8 {[%clk 01:25:02]
[%emt 00:01:32]} 22. a3 {[%clk 00:38:38] [%emt 00:08:05]} 22... Bc6 {[%clk
00:57:38] [%emt 00:27:55]} 23. Ne5 {[%clk 00:35:57] [%emt 00:03:10]} 23... Kf8
{[%clk 00:43:26] [%emt 00:14:41]} 24. Rd4 {[%clk 00:35:02] [%emt 00:01:25]}
24... Bb5 {[%clk 00:36:18] [%emt 00:07:39]} 25. g4 {[%clk 00:29:08] [%emt
00:06:23]} 25... h6 {[%clk 00:25:00] [%emt 00:11:48]} 26. f3 {[%clk 00:25:07]
[%emt 00:04:32]} 26... Ke7 {[%clk 00:23:36] [%emt 00:01:54]} 27. Kf2 {[%clk
00:24:47] [%emt 00:00:50]} 27... Rc5 {[%clk 00:22:17] [%emt 00:01:49]} 28. f4
{[%clk 00:14:05] [%emt 00:11:12]} 28... Be8 {[%clk 00:18:48] [%emt 00:03:58]}
29. Rb4 {[%clk 00:11:29] [%emt 00:03:07]} 29... b5 {[%clk 00:14:51] [%emt
00:04:27]} 30. Rd4 {[%clk 00:08:31] [%emt 00:03:27]} 30... Ra6 {[%clk 00:08:07]
[%emt 00:07:15]} 31. Red1 {[%clk 00:08:52] [%emt 00:00:09]} 31... g5 {[%clk
00:07:16] [%emt 00:01:21]} 32. Nd3 {[%clk 00:08:21] [%emt 00:01:01]} 32... Rd5
{[%clk 00:06:13] [%emt 00:01:33]} 33. Rxd5 {[%clk 00:07:27] [%emt 00:01:24]}
33... Nxd5 {[%clk 00:06:15] [%emt 00:00:28]} 34. fxg5 {[%clk 00:05:20] [%emt
00:02:36]} 34... hxg5 {[%clk 00:06:43] [%emt 00:00:02]} 35. Nc5 {[%clk
00:05:50] [%emt 00:00:02]} 35... Rc6 {[%clk 00:06:23] [%emt 00:00:49]} 36. Ne4
{[%clk 00:06:14] [%emt 00:00:05]} 36... f6 {[%clk 00:05:11] [%emt 00:01:43]}
37. Rh1 {[%clk 00:06:00] [%emt 00:00:44]} 37... Bg6 {[%clk 00:01:08] [%emt
00:04:32]} 38. Rh6 {[%clk 00:03:59] [%emt 00:02:32]} 38... Bxe4 {[%clk
00:01:06] [%emt 00:00:32]} 39. Bxe4 {[%clk 00:04:26] [%emt 00:00:02]} 39... Rc4
{[%clk 00:01:02] [%emt 00:00:35]} 40. Kf3 {[%clk 00:04:45] [%emt 00:00:11]}
40... Nc7 {[%clk 00:00:37] [%emt 00:00:54]} 41. g3 {[%clk 00:04:34] [%emt
00:00:41]} 41... Ne8 42. Ke3 f5 43. gxf5 Nf6 44. Bf3 exf5 45. Rh8 Nd7 46. Be2
Re4+ 47. Kf2 Re5 48. Kf1 Kd6 49. Ra8 Nc5 50. Bxb5 Ne4 51. Bxa4 Nxg3+ 52. Kg2
Nh5 53. Rd8+ Kc7 54. Rd2 g4 55. Bd1 Nf6 56. Rf2 Nd5 57. Bb3 Nf6 58. Bc2 Nd5 59.
Bd3 f4 60. Bf1 Ne3+ 61. Kg1 f3 62. Kh2 Nf5 63. Kg1 Re1 64. Rd2 g3 65. Rd3 Ne3
66. Rxe3 Rxe3 67. a4 Re1 0-1

[Event "DEM U14 2023"]
[Site "Willingen GER"]
[Date "2023.05.28"]
[Round "1"]
[White "Skembris, Simon Max"]
[Black "Korchynskyi, Mykola"]
[Result "1/2-1/2"]
[Termination "normal"]
[Board "4"]
[WhiteElo "1967"]
[BlackElo "2126"]
[WhiteClock "00:42:55"]
[BlackClock "00:33:36"]
[PlyCount "42"]
[WhiteFideId "16281381"]
[BlackFideId "34138005"]
[EventCountry "GER"]
[EventRounds "9"]
[EventType "swiss"]
[EventDate "2023.05.27"]

1. e4 {[%clk 01:30:56] [%emt 00:00:03]} 1... e6 {[%clk 01:30:35] [%emt
00:00:26]} 2. d4 {[%clk 01:31:21] [%emt 00:00:05]} 2... d5 {[%clk 01:30:52]
[%emt 00:00:13]} 3. Nd2 {[%clk 01:31:44] [%emt 00:00:07]} 3... c5 {[%clk
01:31:07] [%emt 00:00:16]} 4. exd5 {[%clk 01:32:03] [%emt 00:00:11]} 4... Qxd5
{[%clk 01:31:29] [%emt 00:00:07]} 5. Ngf3 {[%clk 01:32:13] [%emt 00:00:20]}
5... cxd4 {[%clk 01:31:48] [%emt 00:00:11]} 6. Bc4 {[%clk 01:32:29] [%emt
00:00:14]} 6... Qd6 {[%clk 01:32:10] [%emt 00:00:07]} 7. O-O {[%clk 01:31:38]
[%emt 00:01:21]} 7... Nf6 {[%clk 01:32:34] [%emt 00:00:07]} 8. Nb3 {[%clk
01:31:37] [%emt 00:00:31]} 8... Nc6 {[%clk 01:32:59] [%emt 00:00:05]} 9. Nbxd4
{[%clk 01:31:54] [%emt 00:00:13]} 9... Nxd4 {[%clk 01:33:11] [%emt 00:00:17]}
10. Qxd4 {[%clk 01:32:11] [%emt 00:00:13]} 10... Qxd4 {[%clk 01:33:13] [%emt
00:00:29]} 11. Nxd4 {[%clk 01:32:33] [%emt 00:00:08]} 11... a6 {[%clk 01:32:00]
[%emt 00:01:43]} 12. Be2 {[%clk 01:31:02] [%emt 00:02:01]} 12... Bd6 {[%clk
01:31:23] [%emt 00:01:06]} 13. Bf3 {[%clk 01:27:36] [%emt 00:03:57]} 13... O-O
{[%clk 01:30:57] [%emt 00:00:56]} 14. Be3 {[%clk 01:19:46] [%emt 00:08:19]}
14... e5 {[%clk 01:25:36] [%emt 00:05:52]} 15. Nb3 {[%clk 01:18:31] [%emt
00:01:44]} 15... e4 {[%clk 01:25:27] [%emt 00:00:39]} 16. Be2 {[%clk 01:14:47]
[%emt 00:04:14]} 16... Ng4 {[%clk 01:13:00] [%emt 00:12:57]} 17. Bc5 {[%clk
01:05:58] [%emt 00:09:19]} 17... Bxc5 {[%clk 01:10:59] [%emt 00:02:32]} 18.
Nxc5 {[%clk 01:04:58] [%emt 00:01:30]} 18... Nf6 {[%clk 01:11:19] [%emt
00:00:10]} 19. f3 {[%clk 00:56:45] [%emt 00:08:43]} 19... e3 {[%clk 01:10:39]
[%emt 00:01:10]} 20. Bd3 {[%clk 00:42:55] [%emt 00:14:19]} 20... b6 {[%clk
01:06:15] [%emt 00:04:54]} 21. Ne4 {[%emt 00:37:27]} 21... Nd7 {[%clk
00:33:36]} 1/2-1/2

[Event "DEM U14 2023"]
[Site "Willingen GER"]
[Date "2023.05.28"]
[Round "1"]
[White "Malinowsky, Levi"]
[Black "Mester, Philipp"]
[Result "1-0"]
[Termination "normal"]
[Board "5"]
[WhiteElo "2173"]
[BlackElo "1730"]
[WhiteClock "00:10:22"]
[BlackClock "00:07:14"]
[PlyCount "67"]
[WhiteFideId "16253094"]
[BlackFideId "34624902"]
[EventCountry "GER"]
[EventRounds "9"]
[EventType "swiss"]
[EventDate "2023.05.27"]

1. e4 {[%clk 01:30:57] [%emt 00:00:02]} 1... e5 {[%clk 01:30:56] [%emt
00:00:05]} 2. Nf3 {[%clk 01:31:19] [%emt 00:00:08]} 2... Nc6 {[%clk 01:31:19]
[%emt 00:00:06]} 3. Bb5 {[%clk 01:31:35] [%emt 00:00:14]} 3... Nf6 {[%clk
01:31:37] [%emt 00:00:13]} 4. d3 {[%clk 01:30:36] [%emt 00:01:28]} 4... Bc5
{[%clk 01:31:59] [%emt 00:00:08]} 5. c3 {[%clk 01:28:09] [%emt 00:02:58]} 5...
d6 {[%clk 01:30:35] [%emt 00:01:53]} 6. O-O {[%clk 01:25:41] [%emt 00:02:58]}
6... O-O {[%clk 01:30:47] [%emt 00:00:18]} 7. h3 {[%clk 01:22:47] [%emt
00:03:25]} 7... Ne7 {[%clk 01:30:44] [%emt 00:00:32]} 8. d4 {[%clk 01:16:32]
[%emt 00:06:45]} 8... Bb6 {[%clk 01:30:00] [%emt 00:01:14]} 9. Re1 {[%clk
01:11:42] [%emt 00:05:21]} 9... Ng6 {[%clk 01:30:00] [%emt 00:00:30]} 10. Nbd2
{[%clk 01:06:46] [%emt 00:05:26]} 10... c6 {[%clk 01:24:37] [%emt 00:05:52]}
11. Bf1 {[%clk 01:04:08] [%emt 00:03:06]} 11... Qe7 {[%clk 01:16:53] [%emt
00:08:15]} 12. b3 {[%clk 00:58:22] [%emt 00:06:17]} 12... Rd8 {[%clk 01:12:12]
[%emt 00:05:10]} 13. Nc4 {[%clk 00:57:04] [%emt 00:01:49]} 13... Bc7 {[%clk
01:11:37] [%emt 00:01:04]} 14. Qc2 {[%clk 00:54:53] [%emt 00:02:42]} 14... Nh5
{[%clk 00:58:33] [%emt 00:13:34]} 15. g3 {[%clk 00:52:55] [%emt 00:02:28]}
15... Nf8 {[%clk 00:52:40] [%emt 00:06:23]} 16. Qe2 {[%clk 00:45:35] [%emt
00:07:50]} 16... g6 {[%clk 00:49:26] [%emt 00:03:44]} 17. Ba3 {[%clk 00:41:19]
[%emt 00:04:46]} 17... Qf6 {[%clk 00:44:13] [%emt 00:05:41]} 18. Rad1 {[%clk
00:39:30] [%emt 00:02:21]} 18... Ne6 {[%clk 00:28:24] [%emt 00:16:19]} 19. Nxd6
{[%clk 00:26:11] [%emt 00:13:49]} 19... Ng5 {[%clk 00:19:16] [%emt 00:09:38]}
20. Nxg5 {[%clk 00:24:33] [%emt 00:02:08]} 20... Qxg5 {[%clk 00:18:27] [%emt
00:01:19]} 21. Nxc8 {[%clk 00:24:05] [%emt 00:00:59]} 21... Raxc8 {[%clk
00:18:03] [%emt 00:00:54]} 22. Qf3 {[%clk 00:21:49] [%emt 00:02:45]} 22... exd4
{[%clk 00:14:51] [%emt 00:03:41]} 23. cxd4 {[%clk 00:21:28] [%emt 00:00:52]}
23... Re8 {[%clk 00:11:09] [%emt 00:04:12]} 24. e5 {[%clk 00:18:10] [%emt
00:03:48]} 24... f5 {[%clk 00:10:02] [%emt 00:01:38]} 25. Bc4+ {[%clk 00:14:09]
[%emt 00:04:30]} 25... Kh8 {[%clk 00:09:02] [%emt 00:01:30]} 26. Bf7 {[%clk
00:12:28] [%emt 00:02:11]} 26... Red8 {[%clk 00:08:36] [%emt 00:00:56]} 27. h4
{[%clk 00:12:07] [%emt 00:00:52]} 27... Qh6 {[%clk 00:08:24] [%emt 00:00:41]}
28. d5 {[%clk 00:11:14] [%emt 00:01:23]} 28... cxd5 {[%clk 00:07:45] [%emt
00:01:09]} 29. e6 {[%clk 00:11:16] [%emt 00:00:27]} 29... f4 {[%emt 00:01:56]}
30. e7 {[%clk 00:10:52] [%emt 00:00:52]} 30... fxg3 {[%clk 00:06:33] [%emt
00:00:19]} 31. exd8=Q+ {[%clk 00:11:03] [%emt 00:00:19]} 31... Rxd8 {[%clk
00:06:43] [%emt 00:00:20]} 32. Qc3+ {[%clk 00:09:44] [%emt 00:01:49]} 32... d4
{[%clk 00:06:59] [%emt 00:00:14]} 33. Qxc7 {[%clk 00:10:00] [%emt 00:00:15]}
33... gxf2+ {[%clk 00:07:14] [%emt 00:00:15]} 34. Kxf2 {[%clk 00:10:22] [%emt
00:00:07]} 1-0

[Event "DEM U14 2023"]
[Site "Willingen GER"]
[Date "2023.05.28"]
[Round "1"]
[White "Uyar, Levin"]
[Black "Haug, Havard"]
[Result "0-1"]
[Termination "normal"]
[Board "6"]
[BlackTitle "CM"]
[WhiteElo "1700"]
[BlackElo "2202"]
[WhiteClock "00:12:36"]
[BlackClock "01:01:42"]
[PlyCount "42"]
[WhiteFideId "16282108"]
[BlackFideId "1547887"]
[EventCountry "GER"]
[EventRounds "9"]
[EventType "swiss"]
[EventDate "2023.05.27"]

1. e4 {[%clk 01:30:56] [%emt 00:00:03]} 1... c6 {[%clk 01:30:56] [%emt
00:00:05]} 2. d4 {[%clk 01:31:22] [%emt 00:00:04]} 2... d5 {[%clk 01:31:15]
[%emt 00:00:10]} 3. exd5 {[%clk 01:31:44] [%emt 00:00:09]} 3... cxd5 {[%clk
01:31:37] [%emt 00:00:09]} 4. Bd3 {[%clk 01:32:05] [%emt 00:00:07]} 4... Nc6
{[%clk 01:32:02] [%emt 00:00:06]} 5. c3 {[%clk 01:32:30] [%emt 00:00:05]} 5...
Qc7 {[%clk 01:32:26] [%emt 00:00:07]} 6. Ne2 {[%clk 01:32:51] [%emt 00:00:08]}
6... Bg4 {[%clk 01:32:26] [%emt 00:00:31]} 7. O-O {[%clk 01:33:13] [%emt
00:00:08]} 7... e6 {[%clk 01:31:18] [%emt 00:01:38]} 8. Qe1 {[%clk 01:32:57]
[%emt 00:00:44]} 8... Nf6 {[%clk 01:30:24] [%emt 00:01:25]} 9. f3 {[%clk
01:32:10] [%emt 00:01:17]} 9... Bh5 {[%clk 01:30:13] [%emt 00:00:41]} 10. Qh4
{[%clk 01:28:33] [%emt 00:04:08]} 10... Rg8 {[%clk 01:29:59] [%emt 00:00:44]}
11. Bxh7 {[%clk 01:23:06] [%emt 00:05:56]} 11... Rh8 {[%clk 01:28:41] [%emt
00:01:49]} 12. Bd3 {[%clk 01:21:51] [%emt 00:01:45]} 12... Bd6 {[%clk 01:26:41]
[%emt 00:02:29]} 13. Bf4 {[%clk 01:15:21] [%emt 00:06:59]} 13... O-O-O {[%clk
01:13:40] [%emt 00:13:32]} 14. Qg3 {[%clk 01:08:36] [%emt 00:07:15]} 14... e5
{[%clk 01:06:53] [%emt 00:07:17]} 15. dxe5 {[%clk 01:02:08] [%emt 00:06:57]}
15... Nxe5 {[%clk 01:06:45] [%emt 00:00:38]} 16. Bf5+ {[%clk 00:49:03] [%emt
00:13:36]} 16... Kb8 {[%clk 01:07:04] [%emt 00:00:09]} 17. Kh1 {[%clk 00:47:04]
[%emt 00:02:31]} 17... Bg6 {[%clk 01:03:52] [%emt 00:03:42]} 18. Bxg6 {[%clk
00:41:54] [%emt 00:05:40]} 18... fxg6 {[%clk 01:04:16] [%emt 00:00:06]} 19. Nd2
{[%clk 00:18:14] [%emt 00:24:10]} 19... Nh5 {[%clk 01:01:28] [%emt 00:03:18]}
20. Qg5 {[%clk 00:13:58] [%emt 00:04:46]} 20... Nxf4 {[%clk 01:01:19] [%emt
00:00:39]} 21. Nxf4 {[%clk 00:12:36] [%emt 00:01:52]} 21... Nf7 {[%clk
01:01:42] [%emt 00:00:07]} 0-1